[Event "ESP-chT 2nd Division 2019"]
[Site "Linares"]
[Date "2019.08.22"]
[Round "6.31"]
[White "Adla, Diego"]
[Black "Santamaria Fernandez, Guillermo"]
[Result "1-0"]
[WhiteElo "2424"]
[BlackElo "2177"]
[Annotator "NA"]
[PlyCount "101"]
[EventDate "2019.08.19"]
[EventType "team-tourn"]
[EventCountry "ESP"]
[SourceTitle "playchess.com"]
[Source "ChessBase"]
[SourceQuality "1"]
[TimeControl "5400+30"]

1. c4 {[%emt 0:00:00]} g6 {[%emt 0:00:00]} 2. e4 {[%emt 0:00:00]} e5 {[%emt 0:00:00]} 3. Nf3 {[%emt 0:00:00]} Bg7 {[%emt 0:00:13]} 4. d4 {[%emt 0:00:00]} exd4 {[%emt 0:00:28]} 5. Nxd4 {[%emt 0:00:03]} Nc6 {[%emt 0:00:27]} 6. Be3 {[%emt 0:00:06]} Qf6 {[%emt 0:00:38]} 7. Nxc6 {[%emt 0:12:06]} dxc6 {[%emt 0:00:47]} 8. Nc3 {[%emt 0:04:39]} Qe7 {[%emt 0:00:26]} 9. Qc2 {[%emt 0:08:42]} Nf6 {[%emt 0:02:08]} 10. Be2 {[%emt 0:00:22]} Ng4 {[%emt 0:07:53]} 11. Bxg4 {[%emt 0:01:19]} Bxg4 {[%emt 0:00:08]} 12. Rc1 {[%emt 0:06:25]} O-O {[%emt 0:03:01]} 13. O-O {[%emt 0:00:12]} Be6 {[%emt 0:07:02]} 14. Ne2 {[%emt 0:03:42]} Rad8 {[%emt 0:11:18]} 15. Rcd1 {[%emt 0:08:56]} Rxd1 {[%emt 0:24:52]} 16. Rxd1 {[%emt 0:00:07]} Rd8 {[%emt 0:00:44]} 17. b3 {[%emt 0:15:31]} f5 {[%emt 0:04:05]} 18. Rxd8+ {[%emt 0:18:50]} Qxd8 {[%emt 0:00:07]} 19. Nf4 {[%emt 0:00:11]} Bc8 {[%emt 0:01:16]} 20. f3 {[%emt 0:03:18]} b6 {[%emt 0:06:58]} 21. c5 {[%emt 0:05:03]} b5 {[%emt 0:05:04]} 22. h3 {[%emt 0:00:20]} Be5 {[%emt 0:01:26]} 23. Nd3 {[%emt 0:01:59]} Bf6 {[%emt 0:02:18]} 24. Nb4 {[%emt 0:03:50]} Qe8 {[%emt 0:02:20]} 25. Qd3 {[%emt 0:00:22]} a5 {[%emt 0:02:20]} 26. Nc2 {[%emt 0:00:15]} Qe7 {[%emt 0:05:29]} 27. Bd4 {[%emt 0:02:59]} fxe4 {[%emt 0:01:23]} 28. fxe4 {[%emt 0:00:06]} Qd8 {[%emt 0:04:35]} 29. Qc3 {[%emt 0:00:32]} Bxd4+ {[%emt 0:01:50]} 30. Qxd4 {[%emt 0:00:12]} Qg5 {[%emt 0:00:06]} 31. Qe3 {[%emt 0:02:21]} Qe5 {[%emt 0:00:47]} 32. a3 {[%emt 0:00:53]} Be6 {[%emt 0:00:47]} 33. b4 {[%emt 0:00:10]} a4 {[%emt 0:01:00]} 34. Qd3 {[%emt 0:00:59]} Qg5 {[%emt 0:01:17]} 35. Ne1 {[%emt 0:01:34]} Bc4 {[%emt 0:01:35]} 36. Qd4 {[%emt 0:00:11]} Qf4 {[%emt 0:01:26]} 37. Nf3 {[%emt 0:00:23]} Qc1+ {[%emt 0:00:48]} 38. Kh2 {[%emt 0:00:07]} Qf4+ {[%emt 0:00:12]} 39. Kg1 {[%emt 0:00:17]} Qc1+ {[%emt 0:00:01]} 40. Kf2 {[%emt 0:00:10]} Qf4 {[%emt 0:01:38]} 41. Qe5 {[%emt 0:00:29]} Qf7 {[%emt 0:00:26]} 42. Kg3 {[%emt 0:00:09]} h6 {[%emt 0:00:11]} 43. Nd4 {[%emt 0:00:31]} Qd7 {[%emt 0:00:39]} 44. Qf6 {[%emt 0:00:19]} Bf7 {[%emt 0:00:19]} 45. Kf4 {[%emt 0:01:14]} h5 {[%emt 0:01:22]} 46. Ke3 {[%emt 0:00:17]} Kf8 {[%emt 0:00:37]} 47. Nxc6 {[%emt 0:00:43]} Qd1 {[%emt 0:00:22]} 48. Qd8+ {[%emt 0:00:28]} Qxd8 {[%emt 0:00:03]} 49. Nxd8 {[%emt 0:00:05]} Bc4 {[%emt 0:00:16]} 50. h4 {[%emt 0:00:24]} Bf1 {[%emt 0:01:06]} 51. Ne6+ {[%emt 0:00:24]} 1-0

[Event "ESP-chT 2nd Division 2019"]
[Site "Linares"]
[Date "2019.08.22"]
[Round "6.32"]
[White "Moreno Royano, Victor"]
[Black "Glavina, Pablo"]
[Result "0-1"]
[WhiteElo "2151"]
[BlackElo "2407"]
[Annotator "NA"]
[PlyCount "160"]
[EventDate "2019.08.19"]
[EventType "team-tourn"]
[EventCountry "ESP"]
[SourceTitle "playchess.com"]
[Source "ChessBase"]
[SourceQuality "1"]
[TimeControl "5400+30"]

1. Nf3 {[%emt 0:00:00]} d5 {[%emt 0:03:44]} 2. b3 {[%emt 0:00:00]} Nf6 {[%emt 0:00:41]} 3. Bb2 {[%emt 0:00:01]} g6 {[%emt 0:00:05]} 4. c4 {[%emt 0:00:30]} c6 {[%emt 0:00:07]} 5. e3 {[%emt 0:00:57]} Bg7 {[%emt 0:00:06]} 6. Be2 {[%emt 0:00:51]} a5 {[%emt 0:00:18]} 7. Nc3 {[%emt 0:01:09]} Ne4 {[%emt 0:00:07]} 8. Qc2 {[%emt 0:01:16]} Nxc3 {[%emt 0:01:18]} 9. Bxc3 {[%emt 0:01:08]} O-O {[%emt 0:00:32]} 10. O-O {[%emt 0:18:38]} Bf5 {[%emt 0:00:18]} 11. d3 {[%emt 0:00:21]} Nd7 {[%emt 0:01:26]} 12. Nd4 {[%emt 0:04:38]} Bxd4 {[%emt 0:01:07]} 13. Bxd4 {[%emt 0:00:53]} e5 {[%emt 0:00:05]} 14. Bb2 {[%emt 0:02:06]} Re8 {[%emt 0:00:06]} 15. Rac1 {[%emt 0:07:25]} Rc8 {[%emt 0:01:05]} 16. cxd5 {[%emt 0:16:32]} cxd5 {[%emt 0:00:07]} 17. Qxc8 {[%emt 0:01:54]} Qxc8 {[%emt 0:00:03]} 18. Rxc8 {[%emt 0:00:08]} Rxc8 {[%emt 0:00:04]} 19. Rc1 {[%emt 0:00:31]} Rxc1+ {[%emt 0:00:04]} 20. Bxc1 {[%emt 0:00:03]} Nc5 {[%emt 0:00:06]} 21. d4 {[%emt 0:01:50]} exd4 {[%emt 0:00:05]} 22. exd4 {[%emt 0:00:05]} Ne6 {[%emt 0:00:05]} 23. Be3 {[%emt 0:00:44]} Bb1 {[%emt 0:00:43]} 24. a3 {[%emt 0:04:00]} Bc2 {[%emt 0:00:05]} 25. b4 {[%emt 0:00:08]} axb4 {[%emt 0:00:02]} 26. axb4 {[%emt 0:00:06]} f5 {[%emt 0:00:03]} 27. f3 {[%emt 0:01:41]} Kf7 {[%emt 0:00:05]} 28. Kf1 {[%emt 0:00:30]} Ke7 {[%emt 0:00:09]} 29. Ke1 {[%emt 0:00:19]} Kd6 {[%emt 0:00:07]} 30. Kd2 {[%emt 0:00:18]} Ba4 {[%emt 0:00:05]} 31. Kc3 {[%emt 0:01:11]} Kc6 {[%emt 0:00:05]} 32. f4 {[%emt 0:04:10]} Bb5 {[%emt 0:00:36]} 33. Bd1 {[%emt 0:01:58]} Bf1 {[%emt 0:00:17]} 34. g3 {[%emt 0:00:50]} Kd6 {[%emt 0:01:18]} 35. Ba4 {[%emt 0:03:20]} Ng7 {[%emt 0:00:23]} 36. Bd2 {[%emt 0:03:42]} Nh5 {[%emt 0:00:08]} 37. Bd1 {[%emt 0:00:50]} Nf6 {[%emt 0:00:04]} 38. Bf3 {[%emt 0:00:07]} Kc6 {[%emt 0:00:05]} 39. Be3 {[%emt 0:01:58]} Kb5 {[%emt 0:00:12]} 40. Bc1 {[%emt 0:00:34]} Bc4 {[%emt 0:00:09]} 41. Be3 {[%emt 0:00:53]} Ng8 {[%emt 0:01:07]} 42. Bd1 {[%emt 0:02:23]} Ne7 {[%emt 0:00:25]} 43. Bc1 {[%emt 0:00:13]} Nc8 {[%emt 0:00:16]} 44. Bc2 {[%emt 0:01:33]} Nd6 {[%emt 0:00:08]} 45. Bb2 {[%emt 0:00:25]} Kc6 {[%emt 0:05:18]} 46. Kd2 {[%emt 0:01:25]} Kb5 {[%emt 0:00:58]} 47. Kc3 {[%emt 0:00:14]} Bf1 {[%emt 0:00:33]} 48. Bc1 {[%emt 0:00:56]} Kc6 {[%emt 0:02:04]} 49. Kd2 {[%emt 0:00:34]} Ne8 {[%emt 0:01:51]} 50. Ba4+ {[%emt 0:00:45]} Bb5 {[%emt 0:00:05]} 51. Bd1 {[%emt 0:00:06]} Nf6 {[%emt 0:00:10]} 52. Bf3 {[%emt 0:00:06]} Bc4 {[%emt 0:00:26]} 53. Kc3 {[%emt 0:00:45]} Bf1 {[%emt 0:00:04]} 54. Be3 {[%emt 0:00:27]} Bh3 {[%emt 0:00:05]} 55. Bc1 {[%emt 0:01:13]} Bg4 {[%emt 0:00:05]} 56. Bg2 {[%emt 0:00:07]} Bh5 {[%emt 0:00:42]} 57. Be3 {[%emt 0:00:08]} Be2 {[%emt 0:00:12]} 58. Kd2 {[%emt 0:00:27]} Bc4 {[%emt 0:01:28]} 59. Bf3 {[%emt 0:00:35]} Ne8 {[%emt 0:00:51]} 60. Bd1 {[%emt 0:02:40]} Nd6 {[%emt 0:00:20]} 61. Bc2 {[%emt 0:00:24]} Kb6 {[%emt 0:01:42]} 62. Kc3 {[%emt 0:00:52]} Kc6 {[%emt 0:01:17]} 63. Kb2 {[%emt 0:00:46]} Kd7 {[%emt 0:00:08]} 64. Kc3 {[%emt 0:01:23]} Ke6 {[%emt 0:00:05]} 65. Kb2 {[%emt 0:00:43]} Kf6 {[%emt 0:00:08]} 66. Kc3 {[%emt 0:00:20]} Bb5 {[%emt 0:00:48]} 67. Bb1 {[%emt 0:01:29]} h6 {[%emt 0:00:48]} 68. h4 {[%emt 0:01:00]} Be2 {[%emt 0:00:28]} 69. Kd2 {[%emt 0:02:52]} Bf3 {[%emt 0:00:09]} 70. Bd3 {[%emt 0:00:33]} Be4 {[%emt 0:00:09]} 71. Be2 {[%emt 0:01:19]} Bb1 {[%emt 0:00:12]} 72. Bf3 {[%emt 0:00:23]} Nc4+ {[%emt 0:00:05]} 73. Ke2 {[%emt 0:00:06]} Be4 {[%emt 0:00:05]} 74. Bc1 {[%emt 0:00:31]} h5 {[%emt 0:01:28]} 75. Kf2 {[%emt 0:00:19]} Bxf3 {[%emt 0:00:04]} 76. Kxf3 {[%emt 0:00:03]} Ke6 {[%emt 0:00:30]} 77. Ke2 {[%emt 0:00:20]} Kd6 {[%emt 0:00:04]} 78. Kd3 {[%emt 0:00:31]} Kc6 {[%emt 0:00:05]} 79. Kc2 {[%emt 0:00:56]} Kb5 {[%emt 0:00:04]} 80. Kb3 {[%emt 0:00:16]} b6 {[%emt 0:00:24]} 0-1

[Event "ESP-chT 2nd Division 2019"]
[Site "Linares"]
[Date "2019.08.22"]
[Round "6.33"]
[White "Quintin Navarro, Alberto"]
[Black "Garcia Ortega, Jesus Angel"]
[Result "1-0"]
[WhiteElo "2376"]
[BlackElo "2109"]
[Annotator "NA"]
[PlyCount "59"]
[EventDate "2019.08.19"]
[EventType "team-tourn"]
[EventCountry "ESP"]
[SourceTitle "playchess.com"]
[Source "ChessBase"]
[SourceQuality "1"]
[TimeControl "5400+30"]

1. d4 {[%emt 0:00:00]} Nf6 {[%emt 0:01:21]} 2. Nf3 {[%emt 0:00:00]} g6 {[%emt 0:01:15]} 3. c4 {[%emt 0:01:28]} c5 {[%emt 0:00:12]} 4. Nc3 {[%emt 0:01:27]} cxd4 {[%emt 0:01:14]} 5. Nxd4 {[%emt 0:00:06]} Nc6 {[%emt 0:00:12]} 6. e4 {[%emt 0:00:34]} d6 {[%emt 0:00:18]} 7. Be2 {[%emt 0:00:23]} Bg7 {[%emt 0:00:17]} 8. Be3 {[%emt 0:00:16]} O-O {[%emt 0:01:02]} 9. h3 {[%emt 0:02:21]} Bd7 {[%emt 0:03:15]} 10. O-O {[%emt 0:02:17]} Ne8 {[%emt 0:02:08]} 11. Rc1 {[%emt 0:05:04]} Nc7 {[%emt 0:02:30]} 12. f4 {[%emt 0:08:52]} a6 {[%emt 0:13:09]} 13. Nxc6 {[%emt 0:02:57]} Bxc6 {[%emt 0:03:25]} 14. f5 {[%emt 0:00:31]} gxf5 {[%emt 0:02:56]} 15. Rxf5 {[%emt 0:07:25]} Ne6 {[%emt 0:01:20]} 16. Bd3 {[%emt 0:01:23]} f6 {[%emt 0:15:16]} 17. Qe1 {[%emt 0:13:15]} Be8 {[%emt 0:02:46]} 18. Rd1 {[%emt 0:03:34]} Bg6 {[%emt 0:02:23]} 19. c5 {[%emt 0:06:46]} Bxf5 {[%emt 0:07:54]} 20. exf5 {[%emt 0:00:10]} Ng5 {[%emt 0:00:19]} 21. Bc4+ {[%emt 0:02:34]} Kh8 {[%emt 0:00:44]} 22. Nd5 {[%emt 0:03:57]} Nf7 {[%emt 0:04:32]} 23. Nf4 {[%emt 0:02:28]} Qc8 {[%emt 0:07:26]} 24. Ng6+ {[%emt 0:02:34]} hxg6 {[%emt 0:01:30]} 25. Qh4+ {[%emt 0:00:39]} Bh6 {[%emt 0:18:49]} 26. Bxf7 {[%emt 0:07:50]} Rxf7 {[%emt 0:00:35]} 27. fxg6 {[%emt 0:00:07]} Rh7 {[%emt 0:01:26]} 28. Bxh6 {[%emt 0:00:11]} Qxc5+ {[%emt 0:04:34]} 29. Kh1 {[%emt 0:00:09]} Rg8 {[%emt 0:01:01]} 30. gxh7 {[%emt 0:00:25]} 1-0

[Event "ESP-chT 2nd Division 2019"]
[Site "Linares"]
[Date "2019.08.22"]
[Round "6.34"]
[White "Cabeza Alfonso, Ricardo"]
[Black "Chueca Lorente, Javier"]
[Result "0-1"]
[WhiteElo "1999"]
[BlackElo "2144"]
[Annotator "NA"]
[PlyCount "155"]
[EventDate "2019.08.19"]
[EventType "team-tourn"]
[EventCountry "ESP"]
[SourceTitle "playchess.com"]
[Source "ChessBase"]
[SourceQuality "1"]
[TimeControl "5400+30"]

1. c4 {[%emt 0:00:00]} c5 {[%emt 0:01:56]} 2. Nf3 {[%emt 0:00:03]} Nc6 {[%emt 0:00:29]} 3. g3 {[%emt 0:00:35]} g6 {[%emt 0:00:03]} 4. Bg2 {[%emt 0:00:56]} Bg7 {[%emt 0:00:04]} 5. O-O {[%emt 0:00:44]} e6 {[%emt 0:01:00]} 6. e3 {[%emt 0:04:11]} Nge7 {[%emt 0:00:26]} 7. d4 {[%emt 0:00:44]} cxd4 {[%emt 0:00:45]} 8. exd4 {[%emt 0:00:44]} d5 {[%emt 0:00:36]} 9. cxd5 {[%emt 0:04:06]} exd5 {[%emt 0:01:05]} 10. Bg5 {[%emt 0:03:11]} O-O {[%emt 0:02:20]} 11. Nc3 {[%emt 0:01:04]} Be6 {[%emt 0:12:37]} 12. Qd2 {[%emt 0:02:03]} Re8 {[%emt 0:03:23]} 13. Rfe1 {[%emt 0:01:20]} Qb6 {[%emt 0:05:32]} 14. Rad1 {[%emt 0:12:11]} Nf5 {[%emt 0:01:02]} 15. Na4 {[%emt 0:01:20]} Qb4 {[%emt 0:00:09]} 16. Qxb4 {[%emt 0:02:40]} Nxb4 {[%emt 0:00:04]} 17. g4 {[%emt 0:03:55]} Nd6 {[%emt 0:03:36]} 18. a3 {[%emt 0:00:55]} Nc6 {[%emt 0:00:13]} 19. h3 {[%emt 0:00:53]} b6 {[%emt 0:13:10]} 20. Ne5 {[%emt 0:02:53]} Na5 {[%emt 0:02:04]} 21. Bc1 {[%emt 0:02:27]} Rad8 {[%emt 0:31:07]} 22. Nc3 {[%emt 0:01:44]} Ndc4 {[%emt 0:00:38]} 23. Nb5 {[%emt 0:02:03]} Nxe5 {[%emt 0:02:49]} 24. dxe5 {[%emt 0:00:17]} Bd7 {[%emt 0:00:10]} 25. Nc7 {[%emt 0:13:37]} Rxe5 {[%emt 0:01:05]} 26. Rxe5 {[%emt 0:00:26]} Bxe5 {[%emt 0:00:03]} 27. Nxd5 {[%emt 0:00:30]} Nc6 {[%emt 0:05:19]} 28. Bg5 {[%emt 0:00:58]} Re8 {[%emt 0:04:17]} 29. Nf6+ {[%emt 0:05:54]} Bxf6 {[%emt 0:00:01]} 30. Bxf6 {[%emt 0:00:23]} Nb8 {[%emt 0:00:22]} 31. Rc1 {[%emt 0:01:22]} Rc8 {[%emt 0:01:16]} 32. Rxc8+ {[%emt 0:00:41]} Bxc8 {[%emt 0:00:01]} 33. Kf1 {[%emt 0:00:38]} Nd7 {[%emt 0:00:03]} 34. Bd4 {[%emt 0:00:31]} Kf8 {[%emt 0:00:30]} 35. Ke2 {[%emt 0:00:42]} Ke7 {[%emt 0:00:05]} 36. Bd5 {[%emt 0:00:45]} f6 {[%emt 0:04:18]} 37. f4 {[%emt 0:01:09]} Kd6 {[%emt 0:00:03]} 38. Bg8 {[%emt 0:00:25]} h6 {[%emt 0:01:26]} 39. h4 {[%emt 0:04:00]} Nf8 {[%emt 0:01:33]} 40. Kf3 {[%emt 0:01:46]} Be6 {[%emt 0:00:40]} 41. Bxe6 {[%emt 0:00:55]} Kxe6 {[%emt 0:00:06]} 42. h5 {[%emt 0:00:41]} gxh5 {[%emt 0:00:36]} 43. gxh5 {[%emt 0:00:02]} Kf5 {[%emt 0:00:07]} 44. a4 {[%emt 0:00:42]} Ne6 {[%emt 0:00:12]} 45. Be3 {[%emt 0:00:22]} Ng7 {[%emt 0:00:02]} 46. b4 {[%emt 0:00:17]} Nxh5 {[%emt 0:00:45]} 47. b5 {[%emt 0:06:26]} Ng7 {[%emt 0:01:17]} 48. a5 {[%emt 0:01:43]} Ne8 {[%emt 0:01:01]} 49. axb6 {[%emt 0:01:22]} axb6 {[%emt 0:00:05]} 50. Bxb6 {[%emt 0:00:12]} Nd6 {[%emt 0:00:03]} 51. Bc5 {[%emt 0:01:37]} Nxb5 {[%emt 0:00:16]} 52. Bf8 {[%emt 0:01:50]} Kg6 {[%emt 0:01:26]} 53. Kg4 {[%emt 0:01:33]} Nd4 {[%emt 0:01:34]} 54. Bc5 {[%emt 0:00:58]} Nf5 {[%emt 0:00:49]} 55. Bf2 {[%emt 0:00:34]} Ng7 {[%emt 0:00:38]} 56. Ba7 {[%emt 0:01:12]} h5+ {[%emt 0:00:51]} 57. Kf3 {[%emt 0:01:31]} Kf5 {[%emt 0:00:17]} 58. Bb8 {[%emt 0:00:20]} Ne6 {[%emt 0:00:23]} 59. Kg3 {[%emt 0:01:03]} Ke4 {[%emt 0:00:15]} 60. Bd6 {[%emt 0:00:29]} Nd4 {[%emt 0:00:11]} 61. Kf2 {[%emt 0:00:57]} f5 {[%emt 0:01:39]} 62. Be5 {[%emt 0:00:33]} Ne6 {[%emt 0:00:29]} 63. Kg3 {[%emt 0:01:18]} Nxf4 {[%emt 0:00:20]} 64. Bb8 {[%emt 0:00:22]} Ng6 {[%emt 0:00:25]} 65. Ba7 {[%emt 0:00:37]} f4+ {[%emt 0:00:22]} 66. Kf2 {[%emt 0:00:11]} Ne5 {[%emt 0:00:21]} 67. Bb6 {[%emt 0:00:19]} Ng4+ {[%emt 0:00:30]} 68. Kg2 {[%emt 0:00:15]} f3+ 69. Kg3 {[%emt 0:00:23]} Ne3 {[%emt 0:01:03]} 70. Kf2 {[%emt 0:00:28]} Nf5 {[%emt 0:00:08]} 71. Bc7 {[%emt 0:00:21]} h4 {[%emt 0:01:07]} 72. Bb8 {[%emt 0:00:19]} Ne3 {[%emt 0:00:41]} 73. Ba7 {[%emt 0:00:39]} Ng4+ {[%emt 0:00:02]} 74. Kg1 {[%emt 0:00:21]} Kd3 {[%emt 0:00:49]} 75. Kf1 {[%emt 0:02:22]} h3 {[%emt 0:00:14]} 76. Kg1 {[%emt 0:00:37]} Ke2 {[%emt 0:00:09]} 77. Kh1 {[%emt 0:01:08]} Ne3 {[%emt 0:00:39]} 78. Bb6 0-1

[Event "ESP-chT 2nd Division 2019"]
[Site "Linares"]
[Date "2019.08.22"]
[Round "6.35"]
[White "Roque Sola, Gisela"]
[Black "Arce Calva, Elvira"]
[Result "1-0"]
[WhiteElo "2048"]
[BlackElo "1838"]
[Annotator "NA"]
[PlyCount "97"]
[EventDate "2019.08.19"]
[EventType "team-tourn"]
[EventCountry "ESP"]
[SourceTitle "playchess.com"]
[Source "ChessBase"]
[SourceQuality "1"]
[TimeControl "5400+30"]

1. c4 {[%emt 0:00:00]} c5 {[%emt 0:00:00]} 2. Nc3 {[%emt 0:00:00]} Nc6 {[%emt 0:00:00]} 3. Nf3 {[%emt 0:00:00]} Nf6 {[%emt 0:01:06]} 4. g3 {[%emt 0:00:02]} g6 {[%emt 0:00:15]} 5. Bg2 {[%emt 0:00:23]} Bg7 {[%emt 0:00:28]} 6. O-O {[%emt 0:00:40]} O-O {[%emt 0:00:31]} 7. a3 {[%emt 0:00:36]} Ne8 {[%emt 0:05:05]} 8. Rb1 {[%emt 0:01:34]} Nd6 {[%emt 0:08:23]} 9. d3 {[%emt 0:00:57]} Rb8 {[%emt 0:03:10]} 10. Bf4 {[%emt 0:10:52]} e5 {[%emt 0:09:50]} 11. Bg5 {[%emt 0:04:59]} f6 {[%emt 0:04:41]} 12. Be3 {[%emt 0:00:05]} b6 {[%emt 0:01:18]} 13. b4 {[%emt 0:00:51]} cxb4 {[%emt 0:02:57]} 14. axb4 {[%emt 0:00:07]} Nf5 {[%emt 0:04:50]} 15. Bc1 {[%emt 0:04:23]} Bb7 {[%emt 0:07:25]} 16. Nd2 {[%emt 0:00:20]} Ncd4 {[%emt 0:04:01]} 17. Nde4 {[%emt 0:07:01]} d6 {[%emt 0:10:42]} 18. Ba3 {[%emt 0:05:00]} Ne6 {[%emt 0:06:46]} 19. e3 {[%emt 0:17:51]} Nh6 {[%emt 0:05:52]} 20. Qb3 {[%emt 0:04:46]} Qd7 {[%emt 0:05:28]} 21. Nb5 {[%emt 0:02:57]} f5 {[%emt 0:02:12]} 22. Nd2 {[%emt 0:07:17]} Bxg2 {[%emt 0:01:55]} 23. Kxg2 {[%emt 0:00:02]} f4 {[%emt 0:00:32]} 24. Rbe1 {[%emt 0:06:02]} Ng5 {[%emt 0:03:41]} 25. g4 {[%emt 0:11:42]} Qxg4+ {[%emt 0:00:53]} 26. Kh1 {[%emt 0:00:04]} f3 {[%emt 0:06:56]} 27. Rg1 Qh4 {[%emt 0:00:25]} 28. Rg3 {[%emt 0:02:50]} Ng4 {[%emt 0:02:00]} 29. Rxg4 {[%emt 0:01:43]} Qxg4 {[%emt 0:00:02]} 30. Rg1 {[%emt 0:00:05]} Qh4 {[%emt 0:01:24]} 31. Rg3 {[%emt 0:00:05]} Kh8 {[%emt 0:02:05]} 32. Nxd6 {[%emt 0:00:20]} Rbd8 {[%emt 0:00:31]} 33. c5 {[%emt 0:02:38]} bxc5 {[%emt 0:00:25]} 34. bxc5 {[%emt 0:00:04]} Rb8 {[%emt 0:00:36]} 35. Qc2 {[%emt 0:00:29]} Nh3 {[%emt 0:00:28]} 36. Nxf3 {[%emt 0:01:16]} Nxf2+ {[%emt 0:00:32]} 37. Qxf2 {[%emt 0:00:06]} Bh6 {[%emt 0:00:32]} 38. Qa2 {[%emt 0:04:48]} Qa4 {[%emt 0:00:23]} 39. Nc4 {[%emt 0:01:48]} Qd1+ {[%emt 0:00:18]} 40. Kg2 {[%emt 0:00:35]} Rb1 {[%emt 0:00:25]} 41. Ncd2 {[%emt 0:00:31]} Qh1+ {[%emt 0:00:48]} 42. Kh3 {[%emt 0:00:04]} Rd1 {[%emt 0:00:29]} 43. Bb2 {[%emt 0:01:25]} Bg7 {[%emt 0:00:27]} 44. Bc3 {[%emt 0:01:25]} Rf5 {[%emt 0:00:30]} 45. c6 {[%emt 0:01:20]} Rf1 {[%emt 0:00:38]} 46. c7 {[%emt 0:00:17]} R1xf3 {[%emt 0:00:30]} 47. Nxf3 {[%emt 0:00:39]} Qf1+ {[%emt 0:00:27]} 48. Qg2 {[%emt 0:00:22]} Qxg2+ {[%emt 0:00:35]} 49. Kxg2 {[%emt 0:00:39]} 1-0

[Event "ESP-chT 2nd Division 2019"]
[Site "Linares"]
[Date "2019.08.22"]
[Round "6.36"]
[White "Cruz Lledo, Pablo"]
[Black "Garcia Cuenca, Victor"]
[Result "1/2-1/2"]
[WhiteElo "2445"]
[BlackElo "2359"]
[Annotator "NA"]
[PlyCount "63"]
[EventDate "2019.08.19"]
[EventType "team-tourn"]
[EventCountry "ESP"]
[SourceTitle "playchess.com"]
[Source "ChessBase"]
[SourceQuality "1"]
[TimeControl "5400+30"]

1. d4 {[%emt 0:00:00]} Nf6 {[%emt 0:00:00]} 2. Nf3 {[%emt 0:00:00]} c5 {[%emt 0:00:00]} 3. d5 {[%emt 0:00:00]} b5 {[%emt 0:00:00]} 4. a4 {[%emt 0:00:00]} b4 {[%emt 0:00:00]} 5. c4 {[%emt 0:00:28]} g6 {[%emt 0:00:52]} 6. Nbd2 {[%emt 0:00:24]} d6 {[%emt 0:02:00]} 7. g3 {[%emt 0:00:11]} e5 {[%emt 0:07:19]} 8. dxe6 {[%emt 0:01:47]} fxe6 {[%emt 0:00:13]} 9. Bg2 {[%emt 0:00:15]} Bb7 {[%emt 0:00:14]} 10. O-O {[%emt 0:00:26]} Qe7 {[%emt 0:04:18]} 11. e4 {[%emt 0:02:56]} e5 {[%emt 0:00:08]} 12. Ne1 {[%emt 0:02:52]} Bh6 {[%emt 0:06:23]} 13. Nb3 {[%emt 0:05:55]} Bxc1 {[%emt 0:00:37]} 14. Rxc1 {[%emt 0:00:15]} Nc6 {[%emt 0:04:11]} 15. f3 {[%emt 0:04:40]} O-O {[%emt 0:03:52]} 16. Bh3 {[%emt 0:08:07]} Rf7 {[%emt 0:15:35]} 17. Rc2 {[%emt 0:01:33]} Raf8 {[%emt 0:01:04]} 18. Rcf2 {[%emt 0:01:00]} Ba6 {[%emt 0:07:08]} 19. Qc2 {[%emt 0:00:56]} Nd7 {[%emt 0:01:22]} 20. Bxd7 {[%emt 0:00:43]} Qxd7 {[%emt 0:00:01]} 21. Ng2 {[%emt 0:00:23]} Nd4 {[%emt 0:04:15]} 22. Nxd4 {[%emt 0:00:11]} cxd4 {[%emt 0:00:01]} 23. b3 {[%emt 0:01:31]} Qc6 {[%emt 0:00:56]} 24. Ne1 {[%emt 0:07:56]} Bc8 {[%emt 0:00:15]} 25. Kg2 {[%emt 0:01:43]} a5 {[%emt 0:00:22]} 26. Qd2 {[%emt 0:03:27]} Be6 {[%emt 0:00:34]} 27. Nd3 {[%emt 0:00:57]} Qc8 {[%emt 0:00:40]} 28. Qh6 {[%emt 0:00:36]} Qc6 {[%emt 0:00:08]} 29. Nb2 {[%emt 0:01:53]} Bg4 {[%emt 0:04:20]} 30. Qh4 {[%emt 0:05:00]} Be6 {[%emt 0:00:08]} 31. Qh6 {[%emt 0:00:33]} Bg4 {[%emt 0:00:02]} 32. Qh4 {[%emt 0:01:00]} 1/2-1/2

[Event "ESP-chT 2nd Division 2019"]
[Site "Linares"]
[Date "2019.08.22"]
[Round "6.37"]
[White "Sanchez Gonzalez, Sergio"]
[Black "Garcia Molla, Victor"]
[Result "0-1"]
[WhiteElo "2299"]
[BlackElo "2408"]
[Annotator "NA"]
[PlyCount "60"]
[EventDate "2019.08.19"]
[EventType "team-tourn"]
[EventCountry "ESP"]
[SourceTitle "playchess.com"]
[Source "ChessBase"]
[SourceQuality "1"]
[TimeControl "5400+30"]

1. c4 {[%emt 0:00:00]} c5 {[%emt 0:00:17]} 2. Nc3 {[%emt 0:00:46]} Nc6 {[%emt 0:00:40]} 3. Nf3 {[%emt 0:00:06]} Nf6 {[%emt 0:00:57]} 4. g3 {[%emt 0:00:05]} e6 {[%emt 0:03:21]} 5. Bg2 {[%emt 0:00:11]} d5 {[%emt 0:00:10]} 6. cxd5 {[%emt 0:00:24]} Nxd5 {[%emt 0:00:06]} 7. O-O {[%emt 0:00:24]} Be7 {[%emt 0:02:54]} 8. d4 {[%emt 0:00:37]} O-O {[%emt 0:00:10]} 9. Nxd5 {[%emt 0:01:25]} exd5 {[%emt 0:00:10]} 10. dxc5 {[%emt 0:00:46]} Bxc5 {[%emt 0:00:08]} 11. Bg5 {[%emt 0:01:18]} f6 {[%emt 0:03:31]} 12. Bf4 {[%emt 0:00:37]} Be6 {[%emt 0:01:22]} 13. Nd2 {[%emt 0:09:54]} Bb6 {[%emt 0:04:28]} 14. Nb3 {[%emt 0:00:21]} d4 {[%emt 0:01:35]} 15. Rc1 {[%emt 0:00:20]} Bd5 {[%emt 0:00:43]} 16. Bh3 {[%emt 0:03:33]} Qe7 {[%emt 0:01:21]} 17. Qd3 {[%emt 0:08:31]} Ne5 {[%emt 0:18:37]} 18. Bxe5 {[%emt 0:09:07]} fxe5 {[%emt 0:00:20]} 19. e3 {[%emt 0:01:13]} e4 {[%emt 0:09:56]} 20. Qb5 {[%emt 0:02:17]} Rad8 {[%emt 0:00:16]} 21. Nxd4 {[%emt 0:08:15]} Bxd4 {[%emt 0:00:11]} 22. Rcd1 {[%emt 0:05:41]} a6 {[%emt 0:04:25]} 23. Qa5 {[%emt 0:02:16]} b6 {[%emt 0:01:00]} 24. Qxa6 {[%emt 0:00:06]} Bc5 {[%emt 0:02:11]} 25. b4 {[%emt 0:00:12]} Bxb4 {[%emt 0:01:23]} 26. Rxd5 {[%emt 0:00:05]} Rxd5 {[%emt 0:00:28]} 27. Qc4 {[%emt 0:00:04]} Rfd8 {[%emt 0:04:25]} 28. Rd1 {[%emt 0:00:14]} b5 {[%emt 0:00:12]} 29. Qb3 {[%emt 0:00:35]} Qf7 {[%emt 0:00:31]} 30. Rxd5 {[%emt 0:00:26]} Rxd5 {[%emt 0:00:06]} 0-1